| 000 | 01190nam0a2200313 4500 | ||
|---|---|---|---|
| 001 | RU\NLR\bibl\9335 | ||
| 005 | 20260406051949.0 | ||
| 010 |
_a5-89648-002-4 _93000 |
||
| 021 |
_aRU _b98-12234 _9577 |
||
| 035 | _a(NLR Aleph) 000009131 | ||
| 090 |
_a29619 _c29619 |
||
| 100 | _a19981204d1998 |||y0rusy50 ca | ||
| 101 | 0 | _arus | |
| 102 | _aRU | ||
| 105 | _aa ||||||||| | ||
| 200 | 1 |
_aО жизни и любви _eРазмышления _fЯ.И. Изаков |
|
| 210 |
_aЕкатеринбург _cЛитур _d1998 |
||
| 215 |
_a183,[8] с. _cил. _d21 |
||
| 607 |
_aСССР _jВоспоминания, записки и т.п. _xИстория _9912491 _3RU\NLR\auth\6613829 |
||
| 607 |
_aРоссия _jВоспоминания, записки и т.п. _xИстория _91554184 _3RU\NLR\auth\66979780 |
||
| 686 | _aТ3(2)7,013 | ||
| 700 | 1 |
_4070 _8rus _7ca _aИзаков _bЯ. И. _f1906-2001 _gЯков Исаакович _3RU\NLR\auth\777094 _9117033 |
|
| 801 | 0 |
_aRU _bNLR _c19981204 _gPSBO |
|
| 801 | 1 |
_aRU _bNLR _c19981204 |
|
| 830 | _aавт. по кн. | ||
| 852 |
_aNLR _j98-3/3396 |
||
| 942 | _cBOOK | ||
| 980 | _aNB | ||